[Event "23rd EUR-ch"]
[Site "Vrnjacka Banja SRB"]
[Date "2023.03.09"]
[Round "7.78"]
[White "Maurizzi, Marc`Andria"]
[Black "Antic, Dejan"]
[Result "1-0"]
[WhiteElo "2535"]
[BlackElo "2388"]
[EventDate "2023.03.03"]
[PlyCount "83"]

1.d4 e6 2.Nf3 Nf6 3.c4 Bb4+ 4.Nbd2 b6 5.a3 Bxd2+ 6.Qxd2 Bb7 7.e3 O-O 8.b4 
d6 9.Bb2 Nbd7 10.Be2 Qe7 11.O-O Ne4 12.Qc2 f5 13.d5 e5 14.Nd2 Nxd2 15.Qxd2
Nf6 16.f4 Ne4 17.Qc2 exf4 18.Rxf4 c6 19.Rd1 cxd5 20.cxd5 Rac8 21.Qd3 Rc7 
22.Rdf1 Bc8 23.Qd4 Nf6 24.Bd3 Re8 25.Bxf5 Bxf5 26.Rxf5 Qxe3+ 27.Qxe3 Rxe3 
28.Bxf6 gxf6 29.Rxf6 Rxa3 30.Rxd6 Rc2 31.Rd8+ Kg7 32.Rd7+ Kg6 33.Re1 Raa2 
34.Re6+ Kg5 35.h4+ Kg4 36.Rg7+ Kf4 37.d6 Rd2 38.d7 Ra1+ 39.Kh2 Rad1 40.
Rf7+ Kg4 41.Re4+ Kh5 42.Rg7 1-0

[Event "23rd EUR-ch"]
[Site "Vrnjacka Banja SRB"]
[Date "2023.03.09"]
[Round "7.79"]
[White "Stocek, Jiri"]
[Black "Patrelakis, Evaggelos"]
[Result "1-0"]
[WhiteElo "2534"]
[BlackElo "2387"]
[EventDate "2023.03.03"]
[PlyCount "127"]

1.d4 Nf6 2.Nf3 d5 3.c4 e6 4.Bg5 c5 5.cxd5 exd5 6.Nc3 cxd4 7.Nxd4 Be7 8.e3 
Nc6 9.Bb5 Bd7 10.O-O a6 11.Ba4 O-O 12.Bb3 Bg4 13.f3 Nxd4 14.Qxd4 Be6 15.
Rad1 Qa5 16.Ne2 h6 17.Bh4 Qb5 18.Qd2 Rfd8 19.Nd4 Qb6 20.Nxe6 Qxe6 21.Kh1 
Qb6 22.Qd3 Rac8 23.Rd2 Qb4 24.Be1 Rc1 25.Rd1 Rxd1 26.Qxd1 Qb6 27.Qd3 Bc5 
28.Bd2 Re8 29.Re1 Bb4 30.Bxb4 Qxb4 31.Re2 Rc8 32.g3 Qe7 33.Qd4 Qe6 34.Kg2 
Qf5 35.Re1 h5 36.Rd1 Qg5 37.Rd2 Qf5 38.Qd3 Qe5 39.Qd4 Qf5 40.Qd3 Qe5 41.a4
Re8 42.Kf2 Qe6 43.Qd4 Qh3 44.Qh4 Qe6 45.Qf4 Qh3 46.Kg1 Qe6 47.Rd3 Rc8 48.
Kg2 Qb6 49.Qd4 Qa5 50.Rd2 Re8 51.Kf2 Re5 52.Rc2 Re8 53.Qc5 Qd8 54.Qc7 Qa8 
55.a5 Rd8 56.Qb6 Ne8 57.Rc5 Rd6 58.Qb4 d4 59.exd4 h4 60.Qc4 Re6 61.Rc8 Qa7
62.Rxe8+ Rxe8 63.Qxf7+ Kh7 64.Qh5# 1-0

[Event "23rd EUR-ch"]
[Site "Vrnjacka Banja SRB"]
[Date "2023.03.09"]
[Round "7.80"]
[White "Czerw, Dawid"]
[Black "Kulaots, Kaido"]
[Result "1/2-1/2"]
[WhiteElo "2404"]
[BlackElo "2525"]
[EventDate "2023.03.03"]
[PlyCount "63"]

1.e4 c5 2.Nf3 Nc6 3.d4 cxd4 4.Nxd4 e6 5.Nc3 Qc7 6.Be3 a6 7.Qd2 Nf6 8.O-O-O
Be7 9.f4 d6 10.Kb1 O-O 11.Be2 Nxd4 12.Bxd4 b5 13.e5 dxe5 14.fxe5 Nd7 15.
Ne4 Nxe5 16.Qf4 f6 17.Bxe5 fxe5 18.Qe3 Bb7 19.Bd3 Bd5 20.Rhe1 b4 21.Qh3 g6
22.c4 bxc3 23.Nxc3 Kg7 24.Be4 Bxe4+ 25.Nxe4 Qc6 26.Qc3 Qxc3 27.bxc3 Rfd8 
28.Rxd8 Rxd8 29.Kc2 Rb8 30.Rb1 Rxb1 31.Kxb1 Kf7 32.Kc2 1/2-1/2

[Event "23rd EUR-ch"]
[Site "Vrnjacka Banja SRB"]
[Date "2023.03.09"]
[Round "7.81"]
[White "Pastar, Slaven"]
[Black "Rasulov, Vugar"]
[Result "0-1"]
[WhiteElo "2401"]
[BlackElo "2516"]
[EventDate "2023.03.03"]
[PlyCount "98"]

1.Nf3 Nf6 2.g3 b6 3.Bg2 Bb7 4.O-O e6 5.c4 c5 6.Nc3 Be7 7.b3 O-O 8.Bb2 a6 
9.e3 d5 10.d3 Nbd7 11.Qe2 Qc7 12.Ne1 Bc6 13.f4 b5 14.cxd5 exd5 15.e4 dxe4 
16.dxe4 b4 17.Nd5 Bxd5 18.exd5 Bd6 19.Rc1 Rfe8 20.Qd3 Qa7 21.Rc4 Nb6 22.
Bxf6 Nxc4 23.bxc4 gxf6 24.Qf5 Qe7 25.Nd3 Qe3+ 26.Nf2 Bf8 27.Qxf6 Bg7 28.
Qf5 Qd4 29.Kh1 Qf6 30.Qh5 Qg6 31.Qf3 Qc2 32.f5 Qxc4 33.f6 Bf8 34.Qf5 Rad8 
35.Nh3 Qe2 36.Ng5 Qh5 37.Be4 Rxe4 38.Nxe4 Rxd5 39.Qf4 Rd4 40.g4 Qd5 41.Re1
c4 42.Kg1 b3 43.axb3 cxb3 44.Qe3 b2 45.Nf2 Rb4 46.Rb1 Qc5 47.Qd2 Rxg4+ 48.
Kf1 Qb5+ 49.Qd3 Rg5 0-1

[Event "23rd EUR-ch"]
[Site "Vrnjacka Banja SRB"]
[Date "2023.03.09"]
[Round "7.82"]
[White "Peyrer, Konstantin"]
[Black "Draskovic, Luka"]
[Result "1/2-1/2"]
[WhiteElo "2395"]
[BlackElo "2510"]
[EventDate "2023.03.03"]
[PlyCount "40"]

1.d4 Nf6 2.c4 e6 3.Nf3 d5 4.g3 Be7 5.Bg2 O-O 6.O-O c6 7.Qc2 b6 8.Nbd2 Bb7 
9.b3 Nbd7 10.Bb2 Rc8 11.e4 c5 12.exd5 exd5 13.Nh4 cxd4 14.Bxd4 Bc5 15.Qb2 
Bxd4 16.Qxd4 Nc5 17.Rad1 dxc4 18.Nxc4 Bxg2 19.Kxg2 Qxd4 20.Rxd4 Ne6 
1/2-1/2

[Event "23rd EUR-ch"]
[Site "Vrnjacka Banja SRB"]
[Date "2023.03.09"]
[Round "7.83"]
[White "Pacher, Milan"]
[Black "Beerdsen, Thomas"]
[Result "1/2-1/2"]
[WhiteElo "2392"]
[BlackElo "2510"]
[EventDate "2023.03.03"]
[PlyCount "83"]

1.g3 e5 2.c4 Nf6 3.Bg2 c6 4.Nf3 e4 5.Nd4 d5 6.cxd5 Bc5 7.Nb3 Bb6 8.dxc6 
Nxc6 9.Nc3 h5 10.Nxe4 Nxe4 11.Bxe4 h4 12.d3 Bg4 13.Be3 Bxe3 14.fxe3 Qd6 
15.Rc1 O-O 16.Bxc6 bxc6 17.Rc4 f5 18.Kd2 Rfe8 19.Qg1 Qe5 20.Rc3 a5 21.Qf2 
a4 22.Nc5 Qd5 23.Ra1 Ra5 24.d4 Rb8 25.Nd3 Rab5 26.Rc2 h3 27.a3 Rb3 28.Rac1
Qa5+ 29.Rc3 g5 30.Rc2 Kh7 31.Kc1 Qd5 32.Qe1 Rxc3 33.Rxc3 Qg2 34.Ne5 Qxh2 
35.Nxg4 fxg4 36.Rxc6 Qg2 37.Qc3 Qh1+ 38.Kd2 Rxb2+ 39.Qxb2 Qxc6 40.Qb1+ Kg7
41.Qf5 Qg2 42.Qd7+ 1/2-1/2

[Event "23rd EUR-ch"]
[Site "Vrnjacka Banja SRB"]
[Date "2023.03.09"]
[Round "7.84"]
[White "Petrov, Martin"]
[Black "Makridis, Dimitrios"]
[Result "1-0"]
[WhiteElo "2505"]
[BlackElo "2387"]
[EventDate "2023.03.03"]
[PlyCount "111"]

1.e4 c5 2.Nf3 Nf6 3.e5 Nd5 4.Nc3 Nxc3 5.dxc3 Nc6 6.Bf4 Qb6 7.b3 Qc7 8.Qd2 
e6 9.h4 h6 10.h5 b6 11.Rh4 Bb7 12.O-O-O O-O-O 13.Kb2 Ne7 14.Rh3 g5 15.hxg6
Nxg6 16.Bh2 Bg7 17.Qe3 Kb8 18.Rh5 Bf8 19.a4 Rg8 20.Bg3 Ne7 21.Qf4 Nd5 22.
Qh4 Ne7 23.Bd3 Nc8 24.Bh7 Rg7 25.Be4 Be7 26.Qf4 d5 27.Bd3 c4 28.Be2 cxb3 
29.cxb3 a6 30.Nd4 Na7 31.Qxh6 Rgg8 32.Qe3 Rc8 33.Rh7 Bc5 34.Qd2 Bxd4 35.
cxd4 Nc6 36.Rc1 Qe7 37.Bh4 Qd7 38.g3 Na5 39.Bf6 Ka7 40.Rhh1 Nc6 41.b4 a5 
42.b5 Nb4 43.Rxc8 Rxc8 44.Rc1 Rc4 45.Bxc4 dxc4 46.Rxc4 Qd5 47.Qe2 Qh1 48.
Be7 Be4 49.Bxb4 Qb1+ 50.Ka3 axb4+ 51.Rxb4 Qa1+ 52.Qa2 Qc3+ 53.Rb3 Qxd4 54.
Qb2 Qc5+ 55.Rb4 Bd5 56.Qd2 1-0

[Event "23rd EUR-ch"]
[Site "Vrnjacka Banja SRB"]
[Date "2023.03.09"]
[Round "7.85"]
[White "Malcewska, Aleksandra"]
[Black "Valsecchi, Alessio"]
[Result "1-0"]
[WhiteElo "2388"]
[BlackElo "2505"]
[EventDate "2023.03.03"]
[PlyCount "81"]

1.e4 e5 2.Bc4 Nf6 3.Nc3 Nc6 4.d3 Na5 5.Bb3 Nxb3 6.axb3 Bb4 7.f4 d5 8.fxe5 
Ng4 9.d4 dxe4 10.Ne2 c5 11.h3 cxd4 12.hxg4 dxc3 13.Qxd8+ Kxd8 14.bxc3 Bc5 
15.g5 Bf5 16.Nd4 Bg6 17.Be3 Re8 18.e6 f6 19.gxf6 gxf6 20.Rf1 Ke7 21.g4 
Rac8 22.Ke2 a6 23.Nf5+ Kf8 24.Bh6+ Kg8 25.b4 Bxb4 26.cxb4 Rxc2+ 27.Ke3 
Rxe6 28.Rad1 Rc3+ 29.Kf4 Rd3 30.Rc1 e3 31.Rc8+ Re8 32.Rxe8+ Bxe8 33.Nxe3 
Rd4+ 34.Kg3 Kf7 35.g5 Rd6 36.Ng4 Bb5 37.Rf4 Re6 38.Nxf6 Kg6 39.Kh4 Bd3 40.
Nd7 Re4 41.Nf8# 1-0

[Event "23rd EUR-ch"]
[Site "Vrnjacka Banja SRB"]
[Date "2023.03.09"]
[Round "7.87"]
[White "Injac, Teodora"]
[Black "Druska, Juraj"]
[Result "1/2-1/2"]
[WhiteElo "2383"]
[BlackElo "2505"]
[EventDate "2023.03.03"]
[PlyCount "115"]

1.d4 Nf6 2.c4 c5 3.d5 b5 4.cxb5 a6 5.e3 g6 6.Nc3 Bg7 7.e4 O-O 8.a4 Bb7 9.
e5 Ne8 10.Nf3 d6 11.Bf4 Nd7 12.bxa6 Bxa6 13.Bxa6 dxe5 14.Nxe5 Nxe5 15.Be2 
Qb8 16.Bc1 Qb4 17.O-O Nd6 18.Nb5 Rfd8 19.Bd2 Qe4 20.Re1 Rab8 21.Ba5 Rd7 
22.Nxd6 Rxd6 23.Bb5 Qf4 24.Bc7 Ng4 25.Bxd6 exd6 26.Qf3 Qxh2+ 27.Kf1 Qh1+ 
28.Ke2 Qh5 29.Rab1 Qe5+ 30.Kd1 Qd4+ 31.Kc2 Ne5 32.Qe4 Qxf2+ 33.Re2 Qg3 34.
Rh1 c4 35.Rh3 Qg5 36.Qe3 Qf5+ 37.Qe4 Qf6 38.Kb1 h5 39.Rc3 Nd3 40.Rxd3 cxd3
41.Qxd3 Qf1+ 42.Ka2 Kh7 43.Rd2 Qg1 44.Rc2 Ra8 45.Qf3 Qb6 46.Bc6 Rb8 47.Bb5
Qa7 48.Qd3 Rb7 49.Re2 Qa5 50.Rc2 Re7 51.Re2 Rb7 52.Rc2 Qa7 53.Re2 Qg1 54.
Qc4 Qa7 55.Qd3 Bh8 56.Rc2 Be5 57.Re2 Bg7 58.Rc2 1/2-1/2

[Event "23rd EUR-ch"]
[Site "Vrnjacka Banja SRB"]
[Date "2023.03.09"]
[Round "7.88"]
[White "Garrido Outon, Alex"]
[Black "Fernandez, Daniel Howard"]
[Result "0-1"]
[WhiteElo "2380"]
[BlackElo "2498"]
[EventDate "2023.03.03"]
[PlyCount "50"]

1.e4 c6 2.d4 d5 3.e5 Bf5 4.h4 h5 5.c4 e6 6.Nc3 dxc4 7.Bxc4 Nd7 8.Nf3 Bg4 
9.Be2 Bxf3 10.Bxf3 Ne7 11.Bg5 Qb6 12.O-O Nf5 13.Be4 Qxd4 14.Qc2 g6 15.Rfd1
Qxe5 16.Qd3 Qc7 17.Rac1 Bc5 18.Bxf5 gxf5 19.b4 f6 20.Bf4 Bxf2+ 21.Kf1 Qxf4
22.Qxd7+ Kf8 23.Ne2 Qxh4 24.Rd3 Bb6 25.Rc5 Rd8 0-1

[Event "23rd EUR-ch"]
[Site "Vrnjacka Banja SRB"]
[Date "2023.03.09"]
[Round "7.89"]
[White "Kovacevic, Aleksandar"]
[Black "Nemec, Jachym"]
[Result "1-0"]
[WhiteElo "2489"]
[BlackElo "2371"]
[EventDate "2023.03.03"]
[PlyCount "67"]

1.e4 c5 2.Nc3 d6 3.d4 cxd4 4.Qxd4 Nc6 5.Qd2 g6 6.b3 Bh6 7.f4 Nf6 8.Bb2 O-O
9.O-O-O e5 10.g3 Re8 11.Bg2 Bg4 12.Re1 Nd4 13.Kb1 Rc8 14.h3 Be6 15.Nf3 
Nxf3 16.Bxf3 Qd7 17.h4 b5 18.h5 Bg7 19.h6 Bh8 20.Rhf1 b4 21.Nd1 Bh3 22.Rf2
d5 23.fxe5 Nxe4 24.Bxe4 dxe4 25.Qxb4 Bxe5 26.Rd2 Qc7 27.Rxe4 Bxb2 28.Kxb2 
Rxe4 29.Qxe4 f6 30.Qd4 Rf8 31.Nc3 Be6 32.Re2 Qf7 33.Qd6 Re8 34.Nb5 1-0

[Event "23rd EUR-ch"]
[Site "Vrnjacka Banja SRB"]
[Date "2023.03.09"]
[Round "7.90"]
[White "Gorodetzky, David"]
[Black "Leisch, Lukas"]
[Result "1/2-1/2"]
[WhiteElo "2488"]
[BlackElo "2378"]
[EventDate "2023.03.03"]
[PlyCount "48"]

1.e4 e5 2.Nf3 Nc6 3.Bc4 Bc5 4.d3 Nf6 5.Nc3 a6 6.a4 d6 7.h3 h6 8.Be3 Bxe3 
9.fxe3 Be6 10.Nd2 Bxc4 11.Nxc4 d5 12.exd5 Nxd5 13.O-O Nxc3 14.bxc3 Qd5 15.
e4 Qe6 16.Qh5 Rf8 17.Ne3 O-O-O 18.Qf5 Qd7 19.Rf3 f6 20.Rg3 Rf7 21.Rf1 Qxf5
22.Nxf5 Rdd7 23.Kf2 Nd8 24.Ke3 Ne6 1/2-1/2

[Event "23rd EUR-ch"]
[Site "Vrnjacka Banja SRB"]
[Date "2023.03.09"]
[Round "7.91"]
[White "Arsovic, Goran"]
[Black "Gokerkan, Cem Kaan"]
[Result "0-1"]
[WhiteElo "2379"]
[BlackElo "2486"]
[EventDate "2023.03.03"]
[PlyCount "57"]

1.d4 Nf6 2.Nf3 d5 3.c4 e6 4.Nc3 Be7 5.Bg5 h6 6.Bxf6 Bxf6 7.e3 O-O 8.Qc2 c5
9.dxc5 dxc4 10.Bxc4 Nd7 11.c6 Ne5 12.Nxe5 Bxe5 13.Be2 Qc7 14.f4 Bf6 15.Bf3
bxc6 16.Kf2 Rb8 17.Rab1 e5 18.f5 e4 19.Nxe4 Be5 20.g4 Rd8 21.h3 Qe7 22.b3 
Rb4 23.h4 Bb8 24.Rbd1 Rxd1 25.Qxd1 h5 26.f6 Qc7 27.Qg1 hxg4 28.Bxg4 g6 29.
Bf3 0-1

[Event "23rd EUR-ch"]
[Site "Vrnjacka Banja SRB"]
[Date "2023.03.09"]
[Round "7.92"]
[White "Briakin, Mikhail"]
[Black "Samani, Yamac"]
[Result "1/2-1/2"]
[WhiteElo "2474"]
[BlackElo "2357"]
[EventDate "2023.03.03"]
[PlyCount "85"]

1.d4 d5 2.c4 c6 3.Nf3 Nf6 4.Qb3 dxc4 5.Qxc4 Bf5 6.g3 e6 7.Bg2 Nbd7 8.O-O 
Be7 9.Qb3 Qb6 10.Nbd2 O-O 11.Nc4 Qxb3 12.axb3 Be4 13.Bf4 Rfc8 14.Nd6 Bxd6 
15.Bxd6 c5 16.Rfc1 cxd4 17.Nxd4 Bxg2 18.Kxg2 a6 19.f3 Ne8 20.Bb4 g6 21.e4 
Ng7 22.Ne2 Ne5 23.Rxc8+ Rxc8 24.Bc3 Nc6 25.Rd1 e5 26.f4 Ne6 27.Kf3 b5 28.
b4 Ncd4+ 29.Nxd4 exd4 30.Bd2 f5 31.exf5 gxf5 32.g4 fxg4+ 33.Kxg4 Rc2 34.
Kf5 Kf7 35.Ke5 Rxb2 36.f5 Nf8 37.Kxd4 Rc2 38.Kd3 Rc6 39.Bc3 Nd7 40.Re1 Nf6
41.Be5 Rc4 42.Ra1 Nd5 43.Bd6 1/2-1/2

[Event "23rd EUR-ch"]
[Site "Vrnjacka Banja SRB"]
[Date "2023.03.09"]
[Round "7.93"]
[White "Suarez Uriel, Adrian"]
[Black "Samadov, Read"]
[Result "0-1"]
[WhiteElo "2370"]
[BlackElo "2471"]
[EventDate "2023.03.03"]
[PlyCount "98"]

1.e4 c5 2.Nf3 d6 3.d4 cxd4 4.Nxd4 Nf6 5.Nc3 a6 6.Be3 e5 7.Nb3 Be6 8.Qf3 
Be7 9.h3 O-O 10.O-O-O b5 11.g4 b4 12.Nd5 Nxd5 13.exd5 Bc8 14.Nd2 Nd7 15.
Bd3 a5 16.g5 Ba6 17.Bxa6 Rxa6 18.Ne4 a4 19.h4 Qc7 20.Rd2 a3 21.b3 f5 22.
gxf6 Nxf6 23.Nxf6+ Bxf6 24.Qe4 Qc3 25.Kd1 Bd8 26.Ke2 Bb6 27.Qc4 Qxc4+ 28.
bxc4 Rc8 29.Kd3 e4+ 30.Kxe4 Rxc4+ 31.Kd3 Rc3+ 32.Ke2 Bxe3 33.fxe3 Ra7 34.
Re1 Re7 35.Kf3 g6 36.Ree2 Rec7 37.Rh2 Kg7 38.Rhe2 Kf6 39.Kf4 R7c4+ 40.e4 
Rh3 41.Rh2 Rcc3 42.Rxh3 Rxh3 43.Kg4 Rc3 44.Kf4 h6 45.Rd4 g5+ 46.hxg5+ 
hxg5+ 47.Kg4 Rxc2 48.Rxb4 Rxa2 49.Kf3 Ra1 0-1

[Event "23rd EUR-ch"]
[Site "Vrnjacka Banja SRB"]
[Date "2023.03.09"]
[Round "7.94"]
[White "Hnydiuk, Aleksander"]
[Black "Kaasen, Tor Fredrik"]
[Result "0-1"]
[WhiteElo "2364"]
[BlackElo "2464"]
[EventDate "2023.03.03"]
[PlyCount "26"]

1.Nf3 d5 2.d4 Nf6 3.c4 e6 4.g3 Bb4+ 5.Bd2 Be7 6.Bg2 O-O 7.O-O Nbd7 8.Qc2 
c6 9.Rd1 a5 10.Bf4 a4 11.Ne5 Qa5 12.Bf3 Nxe5 13.Bxe5 b5 0-1

[Event "23rd EUR-ch"]
[Site "Vrnjacka Banja SRB"]
[Date "2023.03.09"]
[Round "7.95"]
[White "Kurmann, Oliver"]
[Black "Milosevic, Milos"]
[Result "1/2-1/2"]
[WhiteElo "2464"]
[BlackElo "2347"]
[EventDate "2023.03.03"]
[PlyCount "48"]

1.e4 c5 2.Nf3 d6 3.d4 cxd4 4.Nxd4 Nf6 5.Nc3 a6 6.Be3 e6 7.a3 b5 8.g4 Bb7 
9.Bg2 Qc7 10.g5 Nfd7 11.h4 Nc5 12.Qe2 Nbd7 13.O-O-O Rb8 14.h5 Ne5 15.Kb1 
Ba8 16.f4 Nc4 17.Bc1 Na4 18.Na2 e5 19.Nf5 g6 20.hxg6 fxg6 21.Nh6 exf4 22.
Ng4 Bg7 23.Nf6+ Bxf6 24.gxf6 O-O 1/2-1/2

[Event "23rd EUR-ch"]
[Site "Vrnjacka Banja SRB"]
[Date "2023.03.09"]
[Round "7.96"]
[White "Roebers, Eline"]
[Black "Sousa, Andre Ventura"]
[Result "0-1"]
[WhiteElo "2362"]
[BlackElo "2464"]
[EventDate "2023.03.03"]
[PlyCount "46"]

1.e4 e5 2.Nf3 Nc6 3.Bb5 Nf6 4.O-O Nxe4 5.Re1 Nd6 6.a4 Be7 7.Nc3 O-O 8.d4 
e4 9.Nxe4 Nxe4 10.Rxe4 a6 11.Bf1 d5 12.Re1 Bg4 13.c3 Bd6 14.h3 Bh5 15.a5 
h6 16.b4 Qf6 17.Be2 Rfe8 18.Be3 Ne7 19.g4 Bg6 20.Qc1 Be4 21.Nd2 Ng6 22.f3 
Qh4 23.Nf1 Qxh3 0-1

[Event "23rd EUR-ch"]
[Site "Vrnjacka Banja SRB"]
[Date "2023.03.09"]
[Round "7.97"]
[White "Damjanovic, Vuk"]
[Black "Vogel, Roven"]
[Result "1-0"]
[WhiteElo "2361"]
[BlackElo "2462"]
[EventDate "2023.03.03"]
[PlyCount "73"]

1.d4 d5 2.c4 c6 3.Nf3 Nf6 4.Nc3 e6 5.cxd5 exd5 6.Bf4 Bd6 7.Bxd6 Qxd6 8.e3 
Bf5 9.Nh4 Bg6 10.Qb3 Qc7 11.Nxg6 hxg6 12.Rc1 Qe7 13.Bd3 O-O 14.O-O a5 15.
a3 b5 16.Ne2 a4 17.Qc2 Ra7 18.Ng3 Qd6 19.Rfe1 Re8 20.Be2 Rae7 21.Bf3 Re6 
22.b3 axb3 23.Qxb3 Nbd7 24.a4 b4 25.Re2 Ra8 26.Ra2 Ree8 27.Be2 Reb8 28.
Rac2 Rb6 29.h4 Ra5 30.Rb2 Qb8 31.Rbc2 Qa8 32.Bb5 Nb8 33.Qxb4 Nfd7 34.Qe7 
Rb7 35.Bxc6 Nxc6 36.Rxc6 Nf8 37.Rc7 1-0

[Event "23rd EUR-ch"]
[Site "Vrnjacka Banja SRB"]
[Date "2023.03.09"]
[Round "7.98"]
[White "Bazakutsa, Svyatoslav"]
[Black "Sanikidze, Tornike"]
[Result "0-1"]
[WhiteElo "2335"]
[BlackElo "2459"]
[EventDate "2023.03.03"]
[PlyCount "146"]

1.c4 e5 2.Nc3 Nf6 3.Nf3 Nc6 4.e4 h6 5.a3 d6 6.Be2 Nd4 7.Nxd4 exd4 8.Nd5 
Nxe4 9.O-O c6 10.Re1 cxd5 11.cxd5 f5 12.Bh5+ Kd7 13.Qc2 Qh4 14.d3 Qxh5 15.
dxe4 fxe4 16.Bd2 Qxd5 17.Rac1 Ke6 18.Rxe4+ Kf7 19.Rf4+ Kg8 20.Qg6 Bd7 21.
Rc7 Qe6 22.Qg3 Rc8 23.Rxc8 Bxc8 24.Rxd4 Be7 25.Bc3 Kf7 26.Rxd6 Qxd6 27.
Qxg7+ Ke6 28.Qg4+ Kf7 29.Qg7+ Ke8 30.Qxh8+ Kd7 31.h3 b6 32.Qg7 a5 33.Be5 
Qe6 34.Bg3 Bb7 35.Qd4+ Qd5 36.Qg4+ Kd8 37.f3 Bf6 38.Kh2 Be5 39.Qh4+ Kc8 
40.Qxh6 Bxg3+ 41.Kxg3 Qe5+ 42.Qf4 Qxb2 43.Qd6 Qg7+ 44.Kf2 Qc7 45.Qxc7+ 
Kxc7 46.h4 Kd6 47.h5 Ke7 48.Ke3 Kf6 49.g4 Kg5 50.f4+ Kh6 51.f5 Kg5 52.Kd4 
Bf3 53.Kc4 Be2+ 54.Kd5 b5 55.Kc5 Bd3 56.Kd4 Bf1 57.Ke5 Bc4 58.Kd4 Bb3 59.
Kc5 Ba4 60.h6 Kxh6 61.f6 Kg6 62.g5 Kf7 63.Kd5 Bd1 64.Ke5 Be2 65.Kd5 b4 66.
axb4 axb4 67.Kd4 Bb5 68.Ke3 Bc4 69.Kd4 b3 70.Kc3 Be6 71.Kb2 Kg6 72.Kc3 
Kxg5 73.f7 Bxf7 0-1

[Event "23rd EUR-ch"]
[Site "Vrnjacka Banja SRB"]
[Date "2023.03.09"]
[Round "7.99"]
[White "Willow, Jonah"]
[Black "Shoshin, Kirill"]
[Result "1/2-1/2"]
[WhiteElo "2459"]
[BlackElo "2278"]
[EventDate "2023.03.03"]
[PlyCount "80"]

1.e4 c5 2.Nf3 Nc6 3.Bc4 e6 4.O-O Nf6 5.Re1 d6 6.Bb5 Bd7 7.c3 d5 8.d3 a6 9.
Ba4 b5 10.Bc2 d4 11.e5 Nd5 12.a4 Be7 13.Re4 f5 14.exf6 Bxf6 15.cxd4 cxd4 
16.axb5 axb5 17.Rxa8 Qxa8 18.Na3 Qb7 19.Ng5 Nd8 20.Bb3 O-O 21.Qh5 h6 22.
Nf3 Nb4 23.Bxh6 Be8 24.Qg4 Nxd3 25.Bg5 Nxf2 26.Kxf2 Bxg5 27.Rxd4 Bf6 28.
Rd2 Qb6+ 29.Ke2 Bf7 30.Bc2 e5 31.Qe4 g6 32.Bd3 Ne6 33.Bxb5 Nf4+ 34.Kf1 Rc8
35.Rc2 Rxc2 36.Qxc2 Qe3 37.Qc3 Nd5 38.Qxe3 Nxe3+ 39.Kf2 Nd1+ 40.Ke2 Nxb2 
1/2-1/2

[Event "23rd EUR-ch"]
[Site "Vrnjacka Banja SRB"]
[Date "2023.03.09"]
[Round "7.100"]
[White "Martic, Ivan"]
[Black "Ghimpu, Samuel-Timotei"]
[Result "0-1"]
[WhiteElo "2274"]
[BlackElo "2459"]
[EventDate "2023.03.03"]
[PlyCount "65"]

1.c4 d6 2.d4 e5 3.d5 f5 4.e4 Nf6 5.exf5 Bxf5 6.Nc3 Nbd7 7.Nge2 g6 8.Ng3 
Qe7 9.Nxf5 gxf5 10.g3 O-O-O 11.Bh3 f4 12.Qe2 Kb8 13.Bd2 Bh6 14.Bf5 Rhf8 
15.O-O-O Ng8 16.Qh5 Qg7 17.g4 f3 18.h4 Bxd2+ 19.Rxd2 h6 20.Bxd7 Rxd7 21.g5
a6 22.Rdd1 Rf4 23.Kb1 hxg5 24.hxg5 Rxc4 25.Qxf3 Rf4 26.Qg3 Rdf7 27.Rdg1 
Qg6+ 28.Ka1 Rxf2 29.a3 Qc2 30.Rb1 R7f3 31.Qg4 Rxc3 32.Ka2 Qb3+ 33.Ka1 0-1

[Event "23rd EUR-ch"]
[Site "Vrnjacka Banja SRB"]
[Date "2023.03.09"]
[Round "7.102"]
[White "Tregubenko, Nikolai"]
[Black "Loiseau, Quentin"]
[Result "0-1"]
[WhiteElo "2022"]
[BlackElo "2449"]
[EventDate "2023.03.03"]
[PlyCount "84"]

1.e4 e5 2.Nf3 Nc6 3.d4 exd4 4.Nxd4 Bc5 5.Nxc6 Qf6 6.Qf3 bxc6 7.Nc3 Qxf3 8.
gxf3 Ne7 9.Bc4 d6 10.Be3 Bb6 11.Rg1 Ng6 12.O-O-O Be6 13.Bb3 Bxb3 14.axb3 
O-O 15.Ne2 f5 16.Kd2 Bxe3+ 17.fxe3 fxe4 18.fxe4 Rf2 19.h3 Raf8 20.Ra1 Ne5 
21.Rh1 Rg2 22.Rhf1 Rxf1 23.Rxf1 Rh2 24.Ra1 Rxh3 25.Rxa7 Rh2 26.Rxc7 h5 27.
Ke1 h4 28.Nf4 Rxc2 29.Kf1 Ng4 30.Ne6 Nxe3+ 31.Kg1 Rg2+ 32.Kh1 Rg6 33.Nf4 
Rg4 34.Nh5 c5 35.Kh2 Rg5 36.Nf4 Nf1+ 37.Kh1 Ng3+ 38.Kh2 Nxe4 39.Ne6 Rg3 
40.Rb7 Nd2 41.Rb8+ Kf7 42.Nd8+ Kg6 0-1

[Event "23rd EUR-ch"]
[Site "Vrnjacka Banja SRB"]
[Date "2023.03.09"]
[Round "7.103"]
[White "Bosiocic, Marin"]
[Black "Levitan, Tal"]
[Result "1/2-1/2"]
[WhiteElo "2555"]
[BlackElo "2276"]
[EventDate "2023.03.03"]
[PlyCount "68"]

1.d4 d5 2.c4 e6 3.Nf3 Nf6 4.g3 dxc4 5.Bg2 a6 6.O-O Nc6 7.a4 Rb8 8.a5 Bb4 
9.Qa4 O-O 10.Ne5 Qxd4 11.Bxc6 Bd6 12.Nd7 Bxd7 13.Bxd7 Rfd8 14.Bg5 h6 15.
Rd1 Qxb2 16.Ra2 Qe5 17.Bxf6 Qxf6 18.e4 Qe7 19.Kg2 Qxd7 20.Qxd7 Rxd7 21.e5 
Rdd8 22.exd6 cxd6 23.Rb2 d5 24.Nc3 d4 25.Na4 c3 26.Rc2 Rbc8 27.f4 Rc4 28.
Nb6 Rc5 29.Kf3 f6 30.Rdc1 e5 31.fxe5 fxe5 32.Ke4 Re8 33.Ra1 Kf7 34.Nd7 Rb5
1/2-1/2

[Event "23rd EUR-ch"]
[Site "Vrnjacka Banja SRB"]
[Date "2023.03.09"]
[Round "7.104"]
[White "Gorodetzky, Matan"]
[Black "Sanal, Vahap"]
[Result "0-1"]
[WhiteElo "2319"]
[BlackElo "2590"]
[EventDate "2023.03.03"]
[PlyCount "92"]

1.e4 e5 2.Nf3 Nc6 3.Bc4 Bc5 4.d3 Nf6 5.Nc3 a6 6.a4 h6 7.Be3 d6 8.Bxc5 dxc5
9.Nd5 Be6 10.Ne3 Qd7 11.Qd2 Bxc4 12.Nxc4 Qe6 13.Qe3 Nd7 14.c3 O-O 15.O-O 
b5 16.Ncd2 Qd6 17.Nh4 Ne7 18.g3 Nb6 19.Nf5 Qd7 20.a5 Na4 21.Nxe7+ Qxe7 22.
Rxa4 bxa4 23.Nc4 Rad8 24.Rd1 Rd7 25.Kf1 f5 26.exf5 Rxf5 27.Kg2 Qe6 28.Qe4 
Rdf7 29.Rd2 Qf6 30.Qe3 h5 31.Re2 Rf3 32.Qd2 a3 33.Nxa3 Qf5 34.Nc4 Rxd3 35.
Qe1 Qf3+ 36.Kg1 Qd5 37.Ne3 Qd7 38.h4 c4 39.Qf1 Qc6 40.Qg2 Rf3 41.Kh2 Qe4 
42.Qg1 g5 43.Qg2 Rd1 44.Rc2 g4 45.Nxd1 Qxc2 46.Ne3 Qxf2 0-1

[Event "23rd EUR-ch"]
[Site "Vrnjacka Banja SRB"]
[Date "2023.03.09"]
[Round "7.105"]
[White "Jocev, Milan"]
[Black "Pultinevicius, Paulius"]
[Result "1/2-1/2"]
[WhiteElo "2315"]
[BlackElo "2546"]
[EventDate "2023.03.03"]
[PlyCount "115"]

1.d4 Nf6 2.c4 e6 3.g3 d5 4.Nf3 Bb4+ 5.Bd2 Be7 6.Bg2 O-O 7.O-O c6 8.Qc2 a5 
9.Rd1 Nbd7 10.b3 b6 11.Bc3 Bb7 12.Nbd2 c5 13.Ne5 Qc8 14.Nxd7 Nxd7 15.dxc5 
bxc5 16.cxd5 exd5 17.e3 Rd8 18.Qf5 g6 19.Qf4 Ra6 20.Rac1 Nf8 21.h4 Ne6 22.
Qf3 Qa8 23.Nc4 f6 24.Nb2 Bc6 25.Qg4 Kf7 26.Nd3 Bb7 27.Qf3 Rb6 28.Qe2 a4 
29.Rb1 axb3 30.axb3 Re8 31.Ne1 Bc6 32.Qd3 Rd8 33.Nc2 Rd7 34.b4 Qb7 35.Qd2 
Rd8 36.Ra1 cxb4 37.Bb2 b3 38.Nd4 Nxd4 39.Qxd4 Rb4 40.Qd3 Kg7 41.Bf3 Rd7 
42.h5 Rd8 43.Kg2 Bb5 44.Qd2 Rc4 45.hxg6 hxg6 46.Rh1 Bb4 47.Qd3 Bd6 48.Bd4 
Ra4 49.Qc3 Be7 50.Rab1 Qc6 51.Qxc6 Bxc6 52.Rxb3 Rc4 53.Rb6 Rc8 54.Rh4 Rc1 
55.Rh1 Rxh1 56.Kxh1 Rc7 57.Kg2 Bd6 58.Ra6 1/2-1/2

[Event "23rd EUR-ch"]
[Site "Vrnjacka Banja SRB"]
[Date "2023.03.09"]
[Round "7.106"]
[White "Muradli, Mahammad"]
[Black "Burcu, Cagatay"]
[Result "1/2-1/2"]
[WhiteElo "2539"]
[BlackElo "2331"]
[EventDate "2023.03.03"]
[PlyCount "67"]

1.d4 d5 2.c4 c6 3.Nf3 Nf6 4.e3 e6 5.Bd3 dxc4 6.Bxc4 Nbd7 7.O-O Bd6 8.Nc3 
b5 9.Bd3 O-O 10.e4 e5 11.h3 Bb7 12.dxe5 Nxe5 13.Nxe5 Bxe5 14.f4 Bd4+ 15.
Kh2 b4 16.Ne2 c5 17.Qc2 Rc8 18.e5 Ng4+ 19.Kg3 Nxe5 20.fxe5 Bxe5+ 21.Nf4 g5
22.Bxh7+ Kh8 23.Bf5 Rg8 24.Bg4 f5 25.Qxf5 Qd5 26.Qc2 Rcf8 27.Kh2 gxf4 28.
Bf3 Qd4 29.Rd1 Bxf3 30.gxf3 Qe3 31.Rf1 Qd4 32.Rd1 Qe3 33.Rf1 Qd4 34.Rd1 
1/2-1/2

[Event "23rd EUR-ch"]
[Site "Vrnjacka Banja SRB"]
[Date "2023.03.09"]
[Round "7.107"]
[White "Mastrovasilis, Athanasios"]
[Black "Yurtseven, Melih"]
[Result "1-0"]
[WhiteElo "2518"]
[BlackElo "2327"]
[EventDate "2023.03.03"]
[PlyCount "91"]

1.d4 Nf6 2.Nf3 d5 3.c4 e6 4.Nc3 c5 5.cxd5 Nxd5 6.e4 Nxc3 7.bxc3 cxd4 8.
cxd4 Bb4+ 9.Bd2 Bxd2+ 10.Qxd2 O-O 11.Bc4 Nd7 12.O-O b6 13.Rfe1 Bb7 14.Rad1
Rc8 15.Bb3 Re8 16.Re3 Qf6 17.Qe1 Qf4 18.h3 h6 19.Nd2 Red8 20.Rf3 Qh4 21.
Qe3 Rc7 22.Rg3 Nf6 23.Nf3 Qxe4 24.Qxh6 Ne8 25.Re1 Qh7 26.Qg5 Rd6 27.d5 f6 
28.Qg4 e5 29.Nd4 Bc8 30.Ne6 Bxe6 31.dxe6 Kf8 32.Qb4 Rc5 33.Rf3 Ke7 34.Qg4 
Rd4 35.Qg3 Nd6 36.Rc3 Nf5 37.Qf3 e4 38.Rxe4 Rxe4 39.Rxc5 Re1+ 40.Kh2 bxc5 
41.Qb7+ Kd6 42.Qd7+ Ke5 43.Qd5+ Kf4 44.Qd2+ Re3 45.fxe3+ Nxe3 46.Qf2+ 1-0